Wings of Fire: The Tiles #2 - Statistics

General Stats
  • This quiz has been taken 78 times
  • The average score is 14 of 16
Answer Stats
Hint Explanation Answer % Correct
Certain MudWings are immune to the effects of fire, like Clay. What kind of egg must MudWings hatch from to have this power? In the first book, The Dragonet Prophecy, this is revealed when Clay grabs Peril to try to hide her from Queen Scarlet. Scarlet then tells Clay about this power. Blood-red
97%
The longest book in the series focuses on a SandWing dragonet named Qibli. What is the book called? The book is the tenth in the series, ending the second arc, and is 385 pages long. It also has the longest epilogue — it goes from page 357 to the end for 29 pages! Darkness of Dragons
97%
Of the three SandWing rivals for the throne, only one survived. Which one died when the Eye of Onyx incinerated her? Blister snatched the Eye of Onyx away, and when she held it, the Eye deemed her unworthy of the throne and incinerated her on the spot, killing her instantly. Burn, the other one who died, died to a dragonbite viper. Blister
93%
What plant allows the queen of the HiveWings to use mind-control? When a dragon intakes too much of any of this plant, be it through injection or breathing it in, they become subject to mind-control. Breath of Evil
93%
Two books focus on IceWing characters. One focuses on a dragonet, and the other on a young queen. What is the name of the latter book? The Dangerous Gift focuses on the new IceWing queen, Snowfall. She became queen after the plague sent by Darkstalker killed Queen Glacier. The Dangerous Gift
93%
The first book in the third arc focuses on a dragonet named Blue. What is the book called? Each arc has five books, and, with this being book eleven, it starts the third arc and sets the scene for the rest of the books. The Lost Continent
93%
Who became the queen of the SandWings when two of the SandWing rivals died, despite her not being related to the royal family? Thorn, unlike Blister, could hold the Eye of Onyx without it incinerating her. Thus, she was deemed worthy of the throne. Blaze, the only living SandWing rival, decided she didn’t want the throne — she was just happy to still be alive. Thorn
93%
This SeaWing went crazy after using his animus powers too much, killing nine family members. What is his name? This is revealed in book six, Moon Rising, when Moon(watcher) is reading about animus powers. In the same scroll, she reads about Fathom and Darkstalker. Albatross
92%
SilkWings have a rare variant of their trive that produces a special kind of silk. What is this variant called? Throughout the third arc, Luna and Blue are both referred to as flamesilks. They both can produce fiery silk, which is where the name comes from. Flamesillk
92%
In book two, The Lost Heir, Tsunami saves an egg from an evil animus-touched statue. In the egg is her sister. What does she name her sister when she hatches? The animus-touched egg was created by Orca, one of Queen Coral’s daughters who had challenged for the throne years before. She died, but only after enchanting her statue to kill any eggs in the Royal Hatchery containing a female dragonet. Auklet
90%
Who was the queen of the HiveWings who could mind-control other HiveWings? Throughout the third arc, this is a recurring problem. Wasp stabs eggs twice with a substance from a plant known as the “breath of evil,” as explained in another question. Wasp
90%
This SeaWing was one of the guardians of the dragonets and was stabbed by SandWing rival Blister. What is the SeaWing’s name? In book two, The Lost Heir, while the dragonets escape the attack on the Summer Palace, Blister stabs Webs in the tail. The dragonets take him to the Rainforest Kingdom to see the healers there. Webs
90%
Few NightWings kept the powers Darkstalker gave them. One of the few had anything he drew come to life. What was this dragonet’s name? In book nine, Talons of Power, Darkstalker gives out powers to a few dragons, and in the next book he gives out even more. Mightyclaws had secretly wished for his power for a long time. Mightyclaws
88%
The HiveWing dragonet Cricket rescued from a mind-controlled fate called this LeafWing “Snudoo.” What is his real name? After Sundew gave the dragonet a dried mango, Bumblebee was noted to have given Sundew “a worshipful look” and called Sundew “Snudoo.” Sundew
88%
The Winglets Quartet features four different short stories that each focus on a different dragon or dragons. Which one focuses on three different dragons? Runaway is the fourth story in the set and focuses on three dragons from two thousand years ago: Snowflake (an aristocrat), Prince Arctic, and Foeslayer. Runaway
81%
This SeaWing was an ancestor of the one that went crazy and also had animus magic that he vowed never to use. What is his name? In book six, Moon Rising, Moon(watcher) reads about animus dragons, and, after Darkstalker told her to read about Fathom (through thought; they were both mind-readers), this is revealed. Fathom
76%
No matching quizzes found
Score Distribution
Percent of People with Each Score
Percentile by Number Answered
Your Score History
You have not taken this quiz